LEADER 00950nam0-22003011i-450- 001 990006972250403321 005 20011010 035 $a000697225 035 $aFED01000697225 035 $a(Aleph)000697225FED01 035 $a000697225 100 $a20011010d1942----km-y0itay50------ba 101 0 $aita 102 $aIT 105 $ay-------001yy 200 1 $aProblemi monetari liguri e piemontesi dalla riforma del 1755 al conguaglio della tariffa delle monete nel 1826$fAntonio Fossati 210 $aTorino$cGiappichelli$d1942 215 $a195 p.$d24 cm 300 $aDono Mengarini 676 $a330$v20$zita 700 1$aFossati,$bAntonio$0352747 801 0$aIT$bUNINA$gRICA$2UNIMARC 901 $aBK 912 $a990006972250403321 952 $aXV M 56$b41913$fFGBC 959 $aFGBC 996 $aProblemi monetari liguri e piemontesi dalla riforma del 1755 al conguaglio della tariffa delle monete nel 1826$9700319 997 $aUNINA LEADER 02163nam 2200529 450 001 9910809597903321 005 20230801221001.0 035 $a(CKB)2660000000010522 035 $a(SSID)ssj0000760618 035 $a(PQKBManifestationID)11451214 035 $a(PQKBTitleCode)TC0000760618 035 $a(PQKBWorkID)10721285 035 $a(PQKB)10028254 035 $a(MiAaPQ)EBC3113425 035 $a(PPN)197102255 035 $a(EXLCZ)992660000000010522 100 $a20120803h20122012 uy| 0 101 0 $aeng 135 $aurcnu|||||||| 181 $ctxt 182 $cc 183 $acr 200 00$aComputational and combinatorial group theory and cryptography $eAMS Special Sessions : Computational Algebra, Groups, and Applications, April 30-May 1, 2011, University of Nevada, Las Vegas, Nevada, NV : Mathematical Aspects of Cryptography and Cyber Security, September 10-11, 2011, Cornell University, Ithaca, New York /$fBenjamin Fine, Delaram Kahrobaei, Gerhard Rosenberger, editors 210 1$aProvidence, Rhode Island :$cAmerican Mathematical Society,$d[2012] 210 4$dİ2012 215 $a1 online resource (210 pages) 225 1 $aContemporary mathematics,$v582$x0271-4132 300 $aBibliographic Level Mode of Issuance: Monograph 320 $aIncludes bibliographical references. 410 0$aContemporary mathematics (American Mathematical Society).$v582$x0271-4132 606 $aGroup theory$vCongresses 606 $aCryptography$vCongresses 615 0$aGroup theory 615 0$aCryptography 676 $a512/.2 702 $aFine$b Benjamin$f1948- 702 $aKahrobaei$b Delaram$f1975- 702 $aRosenberger$b Gerhard 712 12$aAMS Special Session on Computational Algebra, Groups, and Applications$f(2011 :$eUniversity of Nevada), 712 12$aAMS Special Session on Mathematical Aspects of Cryptography and Cyber Security$f(2011 :$eCornell University), 801 0$bMiAaPQ 801 1$bMiAaPQ 801 2$bMiAaPQ 906 $aBOOK 912 $a9910809597903321 996 $aComputational and combinatorial group theory and cryptography$9832884 997 $aUNINA